Top 3 najpopularniejszych piłkarzy z danego kraju #5 - Statystyki

Ogólne statystyki
  • Ten quiz został rozwiązany 342 razy
    243 od ostatniego zresetowania
  • Średni wynik to 7 z 24
Statystyki odpowiedzi
Kraj Piłkarz % Poprawnych

Francja

Zinedine Zidane
88%

Kanada

Alphonso Davies
68%
Francja Thierry Henry
68%

Ukraina

Andriy Shevchenko
66%

Bośnia & Hercegowina

Edin Dzeko
56%
Kanada Jonathan David
42%
Bośnia & Hercegowina Miralem Pjanić
41%
Ekwador Antonio Valencia
39%

Ekwador

Enner Valencia
39%
Finlandia Teemu Pukki
34%
Francja Michael Platini
33%

Bułgaria

Christo Stoichkov
31%
Finlandia Jari Litmanen
25%
Ukraina Andriy Yarmolenko
19%

Finlandia

Lukas Hradecky
18%
Bułgaria Dimitar Berbatov
17%
Chiny Wu Lei
17%
Ukraina Andriy Pyatov
7%
Kanada Atiba Hutchinson
5%
Bośnia & Hercegowina Hasan Salihamidzic
2%
Ekwador Alberto Spencer
1%
Chiny Hao Haidong
1%
Bułgaria Krasimir Balakov
1%

Chiny

Sun Jihai
1%
Nie znaleziono quizów pasujących do podanych kryteriów
Rozkład punktacji
Procent ludzi z każdym wynikiem
Percentyl według liczby udzielonych odpowiedzi
Twoja historia wyników
Nie rozwiązałeś tego quizu od ostatniego zresetowania